| 000 | 01195cam a22002771i 4500 | ||
|---|---|---|---|
| 003 | SA-RiAUC | ||
| 005 | 20250120070835.0 | ||
| 008 | 250120s1997 le g 00010 ara c | ||
| 040 |
_aSA-RiIMS _bara _cSA-RiAUC _erda |
||
| 082 | 0 | 4 |
_a251 _qSA-RiAUC |
| 090 |
_a251 _bغ ز ا |
||
| 100 | 1 |
_aالغزالي، محمد بن محمد بن محمد، _cحجة الإسلام، _d450-505 هجري _eمؤلف. |
|
| 245 | 1 | 2 |
_aالمستصفى من علم الأصول / _cأبو حامد محمد محمد الغزالي الطوسي ، تحقيق و تعليق محمد سليمان الأشقر. |
| 250 | _aالطبعة الأولى. | ||
| 264 | 1 |
_aبيروت : _bمؤسسة الرسالة، _c1997 |
|
| 300 |
_a2 مجلد ؛ _c24 سم |
||
| 336 |
_aنص _btxt _2rdacontent _3كتاب |
||
| 337 |
_aبدون وسيط _bn _2rdamedia |
||
| 338 |
_aمجلد _bnc _2rdacarrier |
||
| 650 | 7 |
_aأصول الفقه الإسلامي _2aucsh |
|
| 700 | 1 |
_aالأشقر، محمد، _d1930-2009 _eمحقق. |
|
| 740 | 0 | 2 | _aمسلم الثبوت. |
| 740 | 0 | 2 | _aفواتح الرحموت بشرح مسلم الثبوت في أصول الفقه. |
| 942 |
_2ddc _cBOOK |
||
| 949 |
_aSA-JeALM _d250120 _ukhaled123 _n1 |
||
| 999 |
_c5008 _d5008 |
||